<?xml version="1.0" encoding="UTF-8"?><?xml-stylesheet type="text/xsl" href="static/style.xsl"?><OAI-PMH xmlns="http://www.openarchives.org/OAI/2.0/" xmlns:xsi="http://www.w3.org/2001/XMLSchema-instance" xsi:schemaLocation="http://www.openarchives.org/OAI/2.0/ http://www.openarchives.org/OAI/2.0/OAI-PMH.xsd"><responseDate>2026-04-17T06:19:20Z</responseDate><request verb="GetRecord" identifier="oai:www.recercat.cat:2072/363569" metadataPrefix="marc">https://recercat.cat/oai/request</request><GetRecord><record><header><identifier>oai:recercat.cat:2072/363569</identifier><datestamp>2024-12-13T09:37:29Z</datestamp><setSpec>com_2072_96871</setSpec><setSpec>com_2072_96852</setSpec><setSpec>com_2072_2015</setSpec><setSpec>col_2072_228899</setSpec></header><metadata><record xmlns="http://www.loc.gov/MARC21/slim" xmlns:dcterms="http://purl.org/dc/terms/" xmlns:xsi="http://www.w3.org/2001/XMLSchema-instance" xmlns:doc="http://www.lyncode.com/xoai" xsi:schemaLocation="http://www.loc.gov/MARC21/slim http://www.loc.gov/standards/marcxml/schema/MARC21slim.xsd">
   <leader>00925njm 22002777a 4500</leader>
   <datafield ind2=" " ind1=" " tag="042">
      <subfield code="a">dc</subfield>
   </datafield>
   <datafield ind2=" " ind1=" " tag="720">
      <subfield code="a">Maniega Legarda, David</subfield>
      <subfield code="e">author</subfield>
   </datafield>
   <datafield ind2=" " ind1=" " tag="720">
      <subfield code="a">Perez Salmeron, Glòria</subfield>
      <subfield code="e">author</subfield>
   </datafield>
   <datafield ind2=" " ind1=" " tag="720">
      <subfield code="a">Guerrero Torres, Yolanda</subfield>
      <subfield code="e">author</subfield>
   </datafield>
   <datafield ind2=" " ind1=" " tag="520">
      <subfield code="a">The Subdirecció General of Biblioteques take part as trial in the project of change toward a new culture of management and production of contents that the Culture and Mass Media Department of Generalitat de Catalunya is carrying out under the technological platform of Vignette Corporate, what supposes a great opportunity to present through the Libraries Portal an accurate offering of services, resources and information literacy for citizens and also, from the Extranet, looked at librarians of the public libraries, a good collaborative work environment for professionals. We describe the creation of this portal hold up under the development of two parallel projects, analyzing the impact on recipients, from the existing relationship between its expectations and the offered answer with regard to the formulation of the project.</subfield>
   </datafield>
   <datafield ind2=" " ind1=" " tag="520">
      <subfield code="a">La Subdirección General de Bibliotecas participa como piloto en el proyecto de cambio hacia la nueva cultura de gestión y producción de contenidos que el Departamento de Cultura y Medios de Comunicación de la Generalitat de Catalunya está llevando a cabo bajo la plataforma tecnológica de Vignette Corporate, lo que supone una gran oportunidad para plantear a través del Portal de Biblioteques una correcta oferta de servicios, recursos y alfabetización informacional para los ciudadanos y también, desde la Extranet, dirigida a los técnicos de las bibliotecas públicas, un buen entorno de trabajo colaborativo para los profesionales. Describimos la creación de este portal vertebrado sobre dos proyectos paralelos, analizando el impacto en los destinatarios, a partir del binomio existente entre sus expectativas y la respuesta ofrecida en base a la formulación de dicho proyecto.</subfield>
   </datafield>
   <datafield ind1="8" ind2=" " tag="024">
      <subfield code="a">Maniega Legarda, D., Perez Salmeron, G. &amp; Guerrero Torres, Y. (2008). El Portal de Biblioteques de la Generalitat de Catalunya: Un proyecto para los ciudadanos y los profesionales de la biblioteca pública. El Profesional de la Información, 17(2), 183-187. doi: 10.3145/epi.2008.mar.07</subfield>
   </datafield>
   <datafield ind1="8" ind2=" " tag="024">
      <subfield code="a">1386-6710</subfield>
   </datafield>
   <datafield ind1="8" ind2=" " tag="024">
      <subfield code="a">10.3145/epi.2008.mar.07</subfield>
   </datafield>
   <datafield ind1="8" ind2=" " tag="024">
      <subfield code="a">http://hdl.handle.net/10609/101927</subfield>
   </datafield>
   <datafield tag="653" ind2=" " ind1=" ">
      <subfield code="a">Web portal</subfield>
   </datafield>
   <datafield tag="653" ind2=" " ind1=" ">
      <subfield code="a">Content management</subfield>
   </datafield>
   <datafield tag="653" ind2=" " ind1=" ">
      <subfield code="a">Extranet</subfield>
   </datafield>
   <datafield tag="653" ind2=" " ind1=" ">
      <subfield code="a">Library portal</subfield>
   </datafield>
   <datafield tag="653" ind2=" " ind1=" ">
      <subfield code="a">Public library</subfield>
   </datafield>
   <datafield tag="653" ind2=" " ind1=" ">
      <subfield code="a">Collaborative environments</subfield>
   </datafield>
   <datafield tag="653" ind2=" " ind1=" ">
      <subfield code="a">Portal web</subfield>
   </datafield>
   <datafield tag="653" ind2=" " ind1=" ">
      <subfield code="a">Gestión de contenidos</subfield>
   </datafield>
   <datafield tag="653" ind2=" " ind1=" ">
      <subfield code="a">Extranet</subfield>
   </datafield>
   <datafield tag="653" ind2=" " ind1=" ">
      <subfield code="a">Canal de bibliotecas</subfield>
   </datafield>
   <datafield tag="653" ind2=" " ind1=" ">
      <subfield code="a">Biblioteca pública</subfield>
   </datafield>
   <datafield tag="653" ind2=" " ind1=" ">
      <subfield code="a">Entornos colaborativos</subfield>
   </datafield>
   <datafield tag="653" ind2=" " ind1=" ">
      <subfield code="a">Public libraries</subfield>
   </datafield>
   <datafield tag="653" ind2=" " ind1=" ">
      <subfield code="a">Extranets (Computer networks)</subfield>
   </datafield>
   <datafield tag="653" ind2=" " ind1=" ">
      <subfield code="a">Biblioteques públiques</subfield>
   </datafield>
   <datafield tag="653" ind2=" " ind1=" ">
      <subfield code="a">Extranets (Xarxes d'ordinadors)</subfield>
   </datafield>
   <datafield tag="653" ind2=" " ind1=" ">
      <subfield code="a">Bibliotecas públicas</subfield>
   </datafield>
   <datafield tag="653" ind2=" " ind1=" ">
      <subfield code="a">Extranets (Redes informáticas)</subfield>
   </datafield>
   <datafield ind2="0" ind1="0" tag="245">
      <subfield code="a">El Portal de Biblioteques de la Generalitat de Catalunya: Un proyecto para los ciudadanos y los profesionales de la biblioteca pública</subfield>
   </datafield>
   <datafield ind2="0" ind1="0" tag="245">
      <subfield code="a">The Libraries Portal of the Generalitat de Catalunya: a project for citizens and professional staff of public libraries</subfield>
   </datafield>
</record></metadata></record></GetRecord></OAI-PMH>